Formalisation des notions de machine et de programme /

Guardado en:
Autor Principal: Nolin, Louis.
Formato: Libro
Idioma:French
Publicado: [Paris] : Gauthier-Villars, 1969.
Series:Collection Programmation
Etiquetas: Agregar Etiqueta
Sin Etiquetas, Sea el primero en etiquetar este registro!
LEADER 00722nam a22001935a 4500
001 MAT.inmabb002599
008 050811s1969####fr#######b####000#0#fre#d
005 20170512173139.0
245 1 0 |a Formalisation des notions de machine et de programme /  |c par Louis Nolin. 
260 |a [Paris] :  |b Gauthier-Villars,  |c 1969. 
300 |a xiv, 218 p. ;  |c 28 cm. 
440 0 |a Collection Programmation 
490 1 |a Publications de l'Institut de programmation de la Faculté des sciences de Paris. 
504 |a Bibliografía: p. [217]-218. 
100 1 |a Nolin, Louis. 
810 2 |a Faculté des sciences de Paris.  |b Institut de programmation.  |t Publication. 
084 |a 68  |2 mr 
010 |a  76458112  
859 |h 68  |i N792  |p A-5019  |b BIB. MATEMATICA